Chlap do postele : skutečné kriminální případy /
Sbírka dvaceti kriminálních příběhů, napsaných různými autory podle skutečných událostí.
Uloženo v:
| Médium: | Kniha |
|---|---|
| Jazyk: | Czech |
| Vydáno: |
[Líbeznice] :
Víkend,
2026
|
| Edice: | Top krimi (Víkend)
|
| Témata: | |
| Celkem bylo vypůjčeno: | 0x |
| Tagy: |
Žádné tagy |
| LEADER | 01837nam a2200397 i 4500 | ||
|---|---|---|---|
| 001 | 106465 | ||
| 003 | CZ PrNK | ||
| 005 | 20260603112210.0 | ||
| 007 | ta | ||
| 008 | 260519s2026 xr g 000 j cze | ||
| 015 | |a cnb003759260 | ||
| 020 | |a 9788088542001 |q (brožováno) : |c Kč 139,00 | ||
| 040 | |a ABG001 |b cze |e rda | ||
| 072 | 7 | |a 821.162.3-3 |x Česká próza |2 Konspekt |9 25 | |
| 080 | |a 821.162.3-32 |2 MRF | ||
| 080 | |a (0:82-322.4) |2 MRF | ||
| 245 | 0 | 0 | |a Chlap do postele : |b skutečné kriminální případy / |c kolektiv autorů |
| 246 | 3 | 0 | |a Skutečné kriminální případy |
| 264 | 1 | |a [Líbeznice] : |b Víkend, |c 2026 | |
| 300 | |a 205 stran ; |c 19 cm | ||
| 336 | |a text |b txt |2 rdacontent | ||
| 337 | |a bez média |b n |2 rdamedia | ||
| 338 | |a svazek |b nc |2 rdacarrier | ||
| 490 | 0 | |a Top krimi | |
| 500 | |a Na obálce uvedeno: Top krimi plus | ||
| 520 | 2 | |a Sbírka dvaceti kriminálních příběhů, napsaných různými autory podle skutečných událostí. |b Skutečné kriminální případy v interpretaci zkušených autorů, jejichž jména jsou zárukou autentičnosti, napětí a příjemného prožití volných chvil. Nakladatelství Víkend vydává oblíbenou edici Top krimi již pětatřicet let a pro velký úspěch se rozhodlo připravit výbor z těch nejlepších povídek, které se těšily velkému čtenářskému zájmu. | |
| 655 | 7 | |a české příběhy |7 fd133973 |2 czenas |9 54030 | |
| 655 | 7 | |a kriminální příběhy |7 fd132020 |2 czenas |9 53542 | |
| 655 | 9 | |a Czech stories |2 eczenas | |
| 655 | 9 | |a crime stories |2 eczenas | |
| 710 | 2 | |a Vydavatelství Víkend |7 xx0221436 |4 pbl | |
| 830 | 0 | |a Top krimi (Víkend) | |
| 910 | |a UOG502 | ||
| 942 | |2 ddc |c KN | ||
| 999 | |d 106465 | ||
| 993 | |0 0 |1 421180107182 |2 ddc |4 0 |7 0 |9 99901 |b 0 |c 107182 |d 2026-06-03 |e 0 |f DOSP |h 139.00 |i Koupě |l DOSP |r 2026-06-03 |t 6 |w 2026-06-03 |y KN |z KRIMI |n | ||